00327nam a2200121Ia 4500008004100000041000800041082002100049100001900070245004500089260003300134300003300167365000500200240624s9999 xx 000 0 und d aeng a382.41091724 ASK aAKSOY M ATAMAN aGLOBAL AGRICULTURAL TRADE AND DEVELOPING c2005aWashingtonbWorld bank axviii, : 329 : p. : cm. ; 27 c